Ứng dụng công nghệ thông tin hỗ trợ rèn luyện kĩ năng thí nghiệm cho học sinh phần động học vật lý 10 trung học phổ thông.
Cơ sở lý luận và thực tiễn của đề tài. Chương 2. Ứng dụng công nghệ thông tin hỗ trợ rèn luyện kĩ năng thí nghiệm cho học sinh phần cơ học -Vật lý 10, Trung học phổ thông.
Gespeichert in:
| 1. Verfasser: | |
|---|---|
| Weitere Verfasser: | |
| Format: | Buch |
| Sprache: | Vietnamese |
| Veröffentlicht: |
Hà nội
Đại học Quốc gia Hà Nội - Trường ĐH Giáo dục
2012
|
| Schlagworte: | |
| Tags: |
Tag hinzufügen
Keine Tags, Fügen Sie den ersten Tag hinzu!
|
| Thư viện lưu trữ: | Mạng thư viện Đại học Đà Nẵng |
|---|
| LEADER | 01867nam a2200373 4500 | ||
|---|---|---|---|
| 001 | 000020308 | ||
| 003 | 16753 | ||
| 005 | 20150316150337.0 | ||
| 008 | 150313s2012 viesd | ||
| 041 | |a vie | ||
| 082 | 1 | 4 | |a 531.1120785 |b NG-H |
| 100 | |a Nguyễn Văn Hải | ||
| 245 | 1 | |a Ứng dụng công nghệ thông tin hỗ trợ rèn luyện kĩ năng thí nghiệm cho học sinh phần động học vật lý 10 trung học phổ thông. |c Nguyễn Văn Hải ; Phạm Kim Chung hướng dẫn. |k Luận văn Thạc sĩ | |
| 260 | |a Hà nội |b Đại học Quốc gia Hà Nội - Trường ĐH Giáo dục |c 2012 | ||
| 300 | |a 109 tr. |c 29 cm. | ||
| 500 | |a Luận văn thạc sĩ Khoa học. Chuyên ngành: Lý luận và phương pháp dạy học ( bộ môn Vật Lý). Mã số: 60.14.10 | ||
| 520 | |a Cơ sở lý luận và thực tiễn của đề tài. Chương 2. Ứng dụng công nghệ thông tin hỗ trợ rèn luyện kĩ năng thí nghiệm cho học sinh phần cơ học -Vật lý 10, Trung học phổ thông. | ||
| 650 | 0 | 4 | |a Động học (cơ học cổ điển) |v Luận văn tôt nghiệp |x Ứng dụng tin học |
| 653 | |a Động học | ||
| 653 | |a Phướng pháp dạy học môn Lý | ||
| 653 | |a Giáo dục THPT | ||
| 653 | |a Vật lý 10 | ||
| 653 | |a Cơ học cổ điển | ||
| 700 | 1 | |a Phạm Kim Chung |c TS. |e Hướng dẫn | |
| OWN | |a LSP | ||
| AVA | |a UDN50 |b LSP |d 531.1120785 NG-H |e available |t Error 5001 Not defined in file expand_doc_bib_avail. |f 1 |g 0 |h N |i 0 |k 1 | ||
| 999 | |a From the UDN01 | ||
| AVA | |a UDN50 |b LSP |d 531.1120785 NG-H |e available |t Error 5001 Not defined in file expand_doc_bib_avail. |f 1 |g 0 |h N |i 0 |k 1 | ||
| TYP | |a Monograph | ||
| TYP | |a Printed language | ||
| 980 | |a Mạng thư viện Đại học Đà Nẵng | ||